00977nam a22001935i 4500001000700000003000900007005001700016008004100033040001800074100005600092245010300148260008000251300002100331500008100352596002600433852018200459999001900641952012300660157100ES-MaACL20250824063051.0000706s1853 sp |||| | spa d aAR bspa cAR1 aLarra y Wetoret, Luis Mariano de,d1830-190197028910aEn palacio y en la calle b: drama en tres actos y en verso / coriginal de Luis Mariano de Larra. aMadrid : b[Delgado Hermanos], c1853 (fImp. de José María Repullés) a78 p. ; c19 cm. aEn port.: Estrenado en el Teatro del Príncipe el día 25 de mayo de 1853. aEd. tomado de la cub. aES-MaACLjF-8613(3) z-- Enc. pasta española q-- Falto de la cub. originalz-- Enc. en un vol. facticio formando parte de la col. facticia "Teatro español moderno", vol. 68 c157100d157100 001040708LIBXIXaATENEOMbATENEOMcSPP2d2008-01-17l0oF-8613(3)p1164374r2023-02-23 00:00:00w2023-02-23yMONANT